Free from nie je len móda

Búranie stereotypov vo stravovaní. Čoraz viac spotrebiteľov nakupuje rôzne potravinové alternatívy ako sú bezlepkové alebo bezlaktózové potraviny. Obchodníci vyzývajú zvyšovať povedomie o samotných free form výrobkoch.

Na minha lista:
Detalhes bibliográficos
Autor principal: Kapitán, Peter
Formato: Capítulo de Livro
Idioma:eslovaco
Assuntos:
Tags: Adicionar Tag
Sem tags, seja o primeiro a adicionar uma tag!

MARC

LEADER 00000naa a2200000 4500
001 0283804
005 20240417075206.0
041 0 |a slo 
044 |a CZ 
245 1 0 |a Free from nie je len móda  |c Peter Kapitán 
520 |a Búranie stereotypov vo stravovaní. Čoraz viac spotrebiteľov nakupuje rôzne potravinové alternatívy ako sú bezlepkové alebo bezlaktózové potraviny. Obchodníci vyzývajú zvyšovať povedomie o samotných free form výrobkoch. 
610 2 0 |a výživa 
610 2 0 |a starostlivosť o zdravie 
610 2 0 |a dopyt spotrebiteľský 
610 2 0 |a potraviny 
610 2 0 |a požiadavky na výrobky 
100 1 |a Kapitán, Peter